000
00210nam a2200097Ia 4500
008
240331s9999 xx 000 0 und d
082
_b
CRE
100
_a
Greswell,J.W
245
0
_a
Qualitative inquiry
942
_c
L
999
_c
4504
_d
4504